000 00728nam a2200229Ia 4500
001 16850
003 GE_BSU
008 181216s||||||||xx |||||||||||||| ||und||
040 _cGE_BSU
080 _a821.353.1-7
100 _aგოგიაშვილი, კ.
245 _aტელეფონით საუბარი
245 _bსატირა და იუმორი
245 _cრედ.ალ.შენგელია
260 _aთბილისი
260 _bსაბჭ. მწერალი
260 _c1960
300 _a56გვ. ; 15სმ
653 _aსატირა და იუმორი
653 _aტელეფონით საუბარი
942 _cBK
999 _c49914
_d49914